| 000 | 00419nam a2200157Ia 4500 | ||
|---|---|---|---|
| 008 | 230312s9999||||xx |||||||||||||| ||und|| | ||
| 020 | _a0-395-17809-6 | ||
| 082 |
_a001.50999 _bPON-I |
||
| 100 | _aPonnamperuma,Cyril | ||
| 245 | 0 | _aInterstellar Communication | |
| 260 |
_bHoughton Mifflin Company _aBoston _c1974 |
||
| 300 | _a226 | ||
| 546 | _aEng. | ||
| 650 |
_aComputer _vPossible forms of Intelligence |
||
| 942 | _cBK | ||
| 999 |
_c3312 _d3312 |
||